000 00465nam a22001697a 4500
003 OSt
005 20160527120622.0
008 160527b xxu||||| |||| 00| 0 eng d
020 _a978-0-312-61338-9
040 _cN/A
050 _aPE1417
_b.B7125 2012
100 _aKennedy J. X.
245 _aThe Brief Bedford Reader
_cKennedy J. X., Kennedy Dorothy M., Aaron Jane E.
250 _a7th ed
260 _aNew York
_bBedford/St.Martin's
_c2012
942 _2lcc
_cBK
999 _c254184
_d254183